000 00698nam a2200205 a 4500
001 000022816
005 20200930021820.0
008 101118s1987 pr r 000 j spa d
020 _a8459919684
040 _aDO-SdBNP
_bspa
_cBNPHU
082 _aPR863.44
_bN677t
100 1 _aNieto Peña, Roque
_946872
245 1 0 _aTodo es según el color :
_brelatos y anécdotas /
_cRoque Nieto Peña ; prólogo de Antonio Buero Vallejo.
260 _aSan Juan (Puerto Rico) :
_bJuan Ponce de León,
_c1987.
300 _a79 p. :
_bil. ;
_c17 cm.
650 4 _aCuentos puertorriqueños
_9249
650 4 _aLiteratura puertorriqueña
_9250
700 1 _aBuero Vallejo, Antonio,
_epról.
_946873
049 _aBNGR
999 _c22313
_d22313